Zemědělské otázky místního národního výboru.

Uložené v:
Podrobná bibliografia
Médium: Kniha
Jazyk:Slovak
Vydané: Praha, 1949.
Fyzický popis: 29 s.
Tagy: Pridať tag
Žiadne tagy, Buďte prvý kto otaguje tento záznam!

MARC

LEADER 00000nam a22000004a 4500
001 000610708
005 20190228105036.0
008 190228s1949 xo e 000 0 slo d
040 |a SVKKK  |b slo  |c SVKKK  |e AACR2 
245 1 0 |a Zemědělské otázky místního národního výboru. 
260 |a Praha,  |c 1949. 
300 |a 29 s. 
500 |a Záznam revízie 
910 |a svkkk 
998 |a BK 
090 |g SCKHL  |k Sklad Pribinova 2. posch.  |a III.18893  |j 91537  |i 2720345993  |s Prezenčne